000 00560nam a2200181Ia 4500
008 100917s9999 xx 000 0 und d
082 _b51300
100 _aगोखले सुशिला पटेल
245 _aमृगजळातील नौका
260 _bमोरे प्रकाशन
_c1981
300 _a396
365 _b50
520 _aकादंबरी
630 _aमृगजळातील नौका
650 _aकादंबरी
730 _aमृगजळातील नौका
942 _cBOOK
999 _c656694
_d656691